000 00942nam a2200301Ia 4500
003 OSt
005 20260217155759.0
008 210210b2008 xxu||||| |||| 00| 0 eng d
020 _a8188554421
040 _cAL
041 _aHindi
082 _aH891.109 MISH
100 _aMISHR (Sudhanshu Kishore)
_dमिश्रा (सुधांशु किशोर)
_9255356
245 _aHindi ki rashtriy kavy dhara ke alpgyat kavi
_b हिंदी की राष्ट्रीय काव्य धारा के अल्पज्ञात कवि
260 _aKanpur
_bVidya Prakashan
_c2008
300 _a272
650 _arashtriy
_9255357
650 _aki
_9255358
650 _ake
_9255359
650 _akavy
_9255360
650 _akavi
_9255361
650 _aHindi
_9255362
650 _adhara
_9255363
650 _aalpgyat
_9255364
690 _aHindi Criticism
_9255365
906 _a073338
942 _2ddc
_cBK
999 _c123239
_d123239